000 00549nam a2200229Ia 4500
003 OSt
005 20220918221344.0
006 a|||||r|||| 00| 0
007 ta
008 220917b |||||||| |||| 00| 0 eng d
024 _a149,503
037 _cTextual
040 _aARTS
_cARTS
_beng
041 _2eng
_aeng
082 _aT13, J0
100 _aSturt Mary
_980605
245 0 _aEducation of children under seven
260 _c1950
650 _aEDUCATION
942 _hT13, J0
_cTEXL
_2CC
999 _c272169
_d272169